Information leakage of neural network

Guardado en:
Detalles Bibliográficos
Autor principal: Lehocký, Zdenko (Autor)
Otros Autores: Hou, Xiaolu (Orientador)
Formato: Manuscrito Libro
Lenguaje:eslovaco
inglés
Publicado: 2024
Materias:
Acceso en línea:http://is.stuba.sk/zp/portal_zp.pl?podrobnosti=163603
Etiquetas: Agregar Etiqueta
Sin Etiquetas, Sea el primero en etiquetar este registro!

MARC

LEADER 00000ntm a22000003a 4500
001 stuzp92457
003 SK-STU
005 20240615210334.9
007 ta
008 150427s2015----xo-----f-mn---000-0-slo-d
040 |a STU  |b slo 
041 0 |a eng 
100 1 |a Lehocký, Zdenko  |u 070400  |4 aut  |U FIIT Fakulta informatiky a informačných technológií  |T FIIT Ústav počítačového inžinierstva a aplikovanej informatiky  |X 111642  |U I400  |Y 672  |7 111642 
242 0 1 |a Únik informácií neurónovej siete  |y slo 
245 1 0 |a Information leakage of neural network 
260 |c 2024 
650 4 |a únik parametrov  |2 slo 
650 4 |a neurónová sieť  |2 slo 
650 4 |a únik informácií  |2 slo 
650 4 |a SCA  |2 slo 
650 4 |a neural network  |2 eng 
650 4 |a SCA  |2 eng 
650 4 |a information leakage  |2 eng 
650 4 |a parameter leakage  |2 eng 
700 1 |a Hou, Xiaolu  |u 070400  |k Z2  |4 ths  |U FIIT Fakulta informatiky a informačných technológií  |T FIIT Ústav počítačového inžinierstva a aplikovanej informatiky  |X 114118  |U I400  |Y 672  |7 114118 
856 4 |u http://is.stuba.sk/zp/portal_zp.pl?podrobnosti=163603